Métodos de laboratorio químico : fundamentos de química

Bibliographic Details
Main Author: Frank, Brescia
Format: Section = Libro
Language:Undetermined
Spanish
Published: México Centro Regional de Ayuda Técnica 1966
Subjects:
LEADER 00477nam a2200169Ia 4500
008 240829s9999 xx 000 0 und d
040 |a BIBLIOTECA-RUSB/ 542.1 M593 
041 |a spa 
082 |a 542.1 M593 
100 1 |a Frank, Brescia 
245 1 0 |a Métodos de laboratorio químico : fundamentos de química 
260 |a México  |b Centro Regional de Ayuda Técnica  |c 1966 
300 |a 348 p. :il. 
650 7 |a LABORATORIO QUIMICO 
942 |c BK  |2 ddc 
991 |a TEXTO 
999 |c 2416